000 00777nam a2200229 a 4500
001 56058
003 BD-RjUL
005 20211209080340.0
008 161126s1970 bg ||||| |||| 00| 0 ben d
020 _c: TK 4.00
035 _a(BD-RjUL)56182
040 _aBD-RjUL
_bben
_cBD-RjUL
041 _aben
082 _223
_a891.441
_bKAP 1970
100 _aকায়কোবাদ
_9166886
245 1 0 _aপ্রেমের ফুল /
_cকায়কোবাদ
260 _aঢাকা :
_bপাকিস্তান বুক কর্পোরেশন,
_c১৯৭০ [১৩৭৬]
300 _a১৪৪ পৃ. ;
_c২১ সেমি.
650 _aবাংলা কবিতা
_9166887
650 _aBengali Poetry
_9166888
942 _2ddc
_cBK
999 _c56058
_d56058